Search the Library Catalogue
| 000 -LEADER | |
|---|---|
| fixed length control field | 00581nam a2200169Ia 4500 |
| 008 - FIXED-LENGTH DATA ELEMENTS--GENERAL INFORMATION | |
| fixed length control field | 250721s9999 xx 000 0 und d |
| 020 ## - INTERNATIONAL STANDARD BOOK NUMBER | |
| ISBN | 9780714649290 |
| 082 ## - DEWEY DECIMAL CLASSIFICATION NUMBER | |
| Classification number | 940.5421316 |
| Item number | TIS |
| 100 ## - MAIN ENTRY--AUTHOR NAME | |
| Personal name | Tissier, Tony Le |
| 245 #0 - TITLE STATEMENT | |
| Title | Race for the Reichstag |
| 260 ## - PUBLICATION, DISTRIBUTION, ETC. (IMPRINT) | |
| Name of publisher | Psychology Press |
| Year of publication | 1999 |
| 300 ## - PHYSICAL DESCRIPTION | |
| Number of Pages | 314 pages |
| 500 ## - GENERAL NOTE | |
| General note | This account of lays the many myths created by Soviet propaganda to rest and details what exactly happened as the Red Army and the Allies raced to be the first at the Reichstag. |
| 650 ## - SUBJECT ADDED ENTRY--TOPICAL TERM | |
| Topical Term | History |
| 942 ## - ADDED ENTRY ELEMENTS (KOHA) | |
| Koha item type | English Books |
| Withdrawn status | Lost status | Damaged status | Not for loan | Home library | Current library | Shelving location | Date acquired | Full call number | Accession Number | Price effective from | Koha item type |
|---|---|---|---|---|---|---|---|---|---|---|---|
| Anna Centenary Library | Anna Centenary Library | 7TH FLOOR, B WING | 21.07.2025 | 940.54213155 TIS | 174803 | 21.07.2025 | English Books |